[Event "15th ETC"]
[Site "Gothenburg SWE"]
[Date "2005.07.31"]
[Round "2"]
[White "Del Rio Angelis,S"]
[Black "Danner,G"]
[Result "1/2-1/2"]
[WhiteElo "2470"]
[BlackElo "2408"]
[EventDate "2005.07.30"]

1. d4 f5 2. Nc3 g6 3. e4 fxe4 4. Nxe4 d5 5. Ng5 Bg7 6. Bd3 Qd6 7. Ne2 Nc6
8. O-O Nh6 9. Bf4 e5 10. dxe5 Bxe5 11. Qd2 O-O 12. g3 Nf7 13. Nxf7 Rxf7 14.
Bb5 Bg4 1/2-1/2

[Event "15th ETC"]
[Site "Gothenburg SWE"]
[Date "2005.07.31"]
[Round "2"]
[White "Johannessen,LE"]
[Black "Kulaots,K"]
[Result "1/2-1/2"]
[WhiteElo "2543"]
[BlackElo "2570"]
[EventDate "2005.07.30"]

1. d4 Nf6 2. c4 e6 3. Nf3 b6 4. g3 Ba6 5. b3 Bb4+ 6. Bd2 Be7 7. Bg2 c6 8.
Bc3 d5 9. Nbd2 Nbd7 10. O-O O-O 11. Re1 c5 12. e4 dxe4 13. Nxe4 Bb7 14.
Nxf6+ Bxf6 15. Qd2 Qc7 16. Rad1 Rad8 17. Qe3 cxd4 18. Bxd4 Rfe8 19. h3 Bxd4
20. Rxd4 e5 21. Rd2 f6 22. Nh4 Bxg2 23. Nxg2 Nc5 24. Red1 Ne6 25. Qe4 Nd4
1/2-1/2

[Event "15th ETC"]
[Site "Gothenburg SWE"]
[Date "2005.07.31"]
[Round "2"]
[White "Kanep,M"]
[Black "Lie,K"]
[Result "1/2-1/2"]
[WhiteElo "2491"]
[BlackElo "2472"]
[EventDate "2005.07.30"]

1. c4 Nf6 2. Nc3 g6 3. Nf3 Bg7 4. g3 O-O 5. Bg2 d6 6. O-O c6 7. d4 Qb6 8.
e4 Bg4 9. Rb1 Nbd7 10. b4 e5 11. d5 cxd5 12. cxd5 Rfc8 13. Be3 Qa6 14. Qb3
b5 15. Nd2 Nb6 16. Rfc1 Bd7 17. f3 Nh5 18. Bf1 f5 19. a4 f4 20. axb5 Qb7
21. Bf2 fxg3 22. hxg3 Bh6 23. Rd1 Qc7 24. Na4 Nxa4 25. Qxa4 Qd8 26. Kh2 a6
27. Qb3 axb5 28. Be3 Bf4 29. gxf4 Qh4+ 30. Kg1 Qg3+ 31. Kh1 Qh4+ 32. Kg1
Qg3+ 33. Kh1 exf4 34. Bd4 Qh4+ 35. Kg1 Qg3+ 36. Kh1 Qh4+ 37. Kg1 Qg3+
1/2-1/2

[Event "15th ETC"]
[Site "Gothenburg SWE"]
[Date "2005.07.31"]
[Round "2"]
[White "Elsness,F"]
[Black "Sepp,O"]
[Result "0-1"]
[WhiteElo "2440"]
[BlackElo "2462"]
[EventDate "2005.07.30"]

1. d4 Nf6 2. c4 g6 3. Nc3 Bg7 4. e4 d6 5. f3 O-O 6. Bg5 c5 7. d5 e6 8. Qd2
exd5 9. cxd5 h6 10. Be3 h5 11. Nge2 Nbd7 12. Nc1 Ne5 13. Be2 a6 14. a4 Bd7
15. O-O Nh7 16. Rb1 Rc8 17. N1a2 f5 18. b4 c4 19. b5 axb5 20. Nxb5 Bxb5 21.
axb5 fxe4 22. fxe4 Rxf1+ 23. Rxf1 c3 24. Qc2 Qe7 25. Kh1 Ng4 26. Bg1 Be5
27. Nb4 Qh4 28. g3 Bxg3 29. Bxg4 hxg4 30. Nd3 Qh3 31. Rc1 Ng5 32. e5 dxe5
33. Nf2 Bxf2 34. Qxg6+ Kh8 35. Qf6+ Kh7 36. Qxf2 Qf3+ 37. Qg2 Ne4 38. Rf1
Qxg2+ 39. Kxg2 c2 40. Be3 Kg6 41. b6 Nd6 42. Bc1 Nc4 43. Kg3 Nxb6 44. d6
Rc4 45. Rf8 Nd7 46. Rg8+ Kf5 47. Rg5+ Ke6 48. Rxg4 Rxg4+ 49. Kxg4 Nc5 50.
h4 Nd3 51. Be3 Kxd6 52. h5 0-1

[Event "15th ETC"]
[Site "Gothenburg SWE"]
[Date "2005.07.31"]
[Round "2"]
[White "Seeman,T"]
[Black "Nordahl,H"]
[Result "1-0"]
[WhiteElo "2405"]
[BlackElo "2423"]
[EventDate "2005.07.30"]

1. Nf3 e6 2. d3 d5 3. g3 Nf6 4. Bg2 Be7 5. O-O O-O 6. Nbd2 b6 7. e4 Bb7 8.
e5 Nfd7 9. Re1 c5 10. Nf1 Nc6 11. h4 Rc8 12. N1h2 Re8 13. Bf4 f6 14. exf6
Bxf6 15. c3 e5 16. Bd2 Ba6 17. Ng5 Nf8 18. c4 Ne7 19. Qa4 Bb7 20. Qxa7 Qc7
21. cxd5 Bxd5 22. Qxc7 Rxc7 23. Ne4 Rd8 24. Ng4 Kf7 25. Bc3 Nc6 26. Ne3 Be6
27. Nc4 b5 28. Ncd6+ Ke7 29. Nxb5 Rcc8 30. Nxc5 Bd5 31. d4 Bxg2 32. Kxg2
Rd5 33. a4 Kf7 34. Ne4 Rcd8 35. Nxf6 gxf6 36. dxe5 fxe5 37. Nc7 R5d7 38.
Na6 Rd5 39. Nb4 Nxb4 40. Bxb4 Ne6 41. Bc3 Nd4 42. Re4 Kf6 43. f4 Kf5 44.
Rae1 exf4 45. Rxf4+ Kg6 46. Ree4 Nf5 47. Re6+ Kh5 48. g4+ 1-0

[Event "15th ETC"]
[Site "Gothenburg SWE"]
[Date "2005.07.31"]
[Round "2"]
[White "Georgiev,Vl"]
[Black "Stefansson,H"]
[Result "0-1"]
[WhiteElo "2532"]
[BlackElo "2579"]
[EventDate "2005.07.30"]

1. d4 Nf6 2. Bg5 e6 3. Nd2 h6 4. Bh4 c5 5. e3 cxd4 6. exd4 Be7 7. Bd3 b6 8.
Ngf3 Bb7 9. O-O O-O 10. Bxf6 Bxf6 11. Ne4 Be7 12. c3 d6 13. Bc2 Nd7 14. Qd3
g6 15. Rfe1 Re8 16. Ba4 a6 17. h4 b5 18. Bb3 d5 19. Nc5 Nxc5 20. dxc5 Bxc5
21. h5 gxh5 22. Re5 Qf6 23. Rae1 h4 24. Rh5 Kg7 25. Nd4 Rg8 26. Bc2 Kf8 27.
Qh7 Bxd4 28. cxd4 Rc8 29. Ree5 Qf4 30. Bd3 Rg6 31. Re3 Rc1+ 32. Bf1 Qg4 33.
Qh8+ Ke7 0-1

[Event "15th ETC"]
[Site "Gothenburg SWE"]
[Date "2005.07.31"]
[Round "2"]
[White "Kristjansson,St"]
[Black "Nedev,T"]
[Result "0-1"]
[WhiteElo "2459"]
[BlackElo "2530"]
[EventDate "2005.07.30"]

1. e4 c5 2. Nf3 Nc6 3. d4 cxd4 4. Nxd4 Nf6 5. Nc3 e5 6. Ndb5 d6 7. Nd5 Nxd5
8. exd5 Nb8 9. c4 Be7 10. Be2 O-O 11. O-O a6 12. Nc3 f5 13. Kh1 e4 14. f3
exf3 15. Bxf3 Nd7 16. Ne2 Ne5 17. b3 Bf6 18. Nd4 Ng6 19. Be3 Be5 20. Qd2 f4
21. Bf2 Nh4 22. Rad1 Qf6 23. Bxh4 Qxh4 24. Ne6 Rf7 25. Qe1 Qh6 26. c5 Bd7
27. Qb4 dxc5 28. Nxc5 Qd6 29. Nd3 Qxb4 30. Nxb4 Bd6 31. Nd3 Re7 32. Rfe1
Re3 33. Rxe3 fxe3 34. Kg1 a5 35. a4 b5 36. axb5 Bxb5 37. Be2 Rb8 38. g3 Ba6
39. Nc1 Bxe2 40. Nxe2 Rxb3 41. Kg2 a4 42. Rc1 a3 43. Rc8+ Kf7 44. Ra8 Kf6
45. Kf3 Ke5 46. Nc1 Rc3 47. Ne2 Rd3 48. Nf4 Rb3 49. Ra4 g5 50. Re4+ Kf5 51.
Ne2 Be5 52. g4+ Kf6 53. Ra4 Bd6 54. Nd4 Rd3 55. Nf5 Bc5 56. Ra5 Rc3 57. d6
Ke6 58. Ng3 Rc2 59. Ne4 e2 60. Rxc5 e1=Q 61. Rxc2 Qd1+ 62. Re2 a2 0-1

[Event "15th ETC"]
[Site "Gothenburg SWE"]
[Date "2005.07.31"]
[Round "2"]
[White "Jacimovic,D"]
[Black "Thorfinnsson,Br"]
[Result "1/2-1/2"]
[WhiteElo "2438"]
[BlackElo "2448"]
[EventDate "2005.07.30"]

1. d4 Nf6 2. c4 e6 3. Nc3 Bb4 4. e3 O-O 5. Nge2 d5 6. a3 Bd6 7. c5 Be7 8.
b4 c6 9. Nf4 a5 10. Bd2 b6 11. Be2 Ba6 12. Nd3 Nfd7 13. f4 Bc4 14. O-O Na6
15. Rb1 axb4 16. axb4 Nc7 17. Qc2 Nb5 18. Nxb5 1/2-1/2

[Event "15th ETC"]
[Site "Gothenburg SWE"]
[Date "2005.07.31"]
[Round "2"]
[White "Gunnarsson,Arn"]
[Black "Stamenkov,V"]
[Result "1-0"]
[WhiteElo "2438"]
[BlackElo "2391"]
[EventDate "2005.07.30"]

1. Nf3 Nf6 2. c4 e6 3. g3 d5 4. Bg2 c5 5. O-O Be7 6. Qa4+ Nbd7 7. Nc3 O-O
8. d3 d4 9. Nb5 a6 10. Na3 e5 11. e3 dxe3 12. Bxe3 Rb8 13. Rfe1 Qc7 14. Bd2
Bd6 15. Re2 b6 16. Rae1 Bb7 17. Bc3 Bc6 18. Qc2 Qb7 19. Nh4 Bxg2 20. Nxg2
b5 21. Nb1 Rfe8 22. b3 Qf3 23. Ne3 Qh5 24. Nd2 Nf8 25. Nef1 Ne6 26. Qd1
Red8 27. Qa1 h6 28. cxb5 axb5 29. a4 bxa4 30. bxa4 Ra8 31. a5 Nd5 32. Bxe5
Bxe5 33. Rxe5 Qh3 34. R1e4 g5 35. Nb3 Nb4 36. Nxc5 Nc2 37. Qd1 Ned4 38. Ne3
f5 39. Nxf5 Rf8 40. Nxd4 Rxf2 41. Re8+ Rxe8 42. Rxe8+ Kf7 43. Kxf2 Qxh2+
44. Kf3 Qh5+ 45. g4 Qh3+ 46. Ke4 Qe3+ 47. Kd5 Qxd4+ 48. Kc6 Nb4+ 49. Kb5
Nd5 50. Qf3+ Kxe8 51. Qe4+ Qxe4 52. dxe4 Ne7 53. a6 Nc8 54. Kc6 Ke7 55. e5
1-0

[Event "15th ETC"]
[Site "Gothenburg SWE"]
[Date "2005.07.31"]
[Round "2"]
[White "Kett,T"]
[Black "Olsson,An"]
[Result "0-1"]
[WhiteElo "2192"]
[BlackElo "2416"]
[EventDate "2005.07.30"]

1. e4 e6 2. d4 d5 3. Nc3 Bb4 4. exd5 exd5 5. Bd3 Nc6 6. a3 Bxc3+ 7. bxc3
Nge7 8. Qh5 Be6 9. Rb1 b6 10. Nf3 Qd7 11. Ne5 Nxe5 12. Qxe5 O-O 13. O-O Bf5
14. Bd2 Rfe8 15. Rbe1 Bxd3 16. cxd3 Ng6 17. Qh5 Qb5 18. Qf5 Qb2 19. Rxe8+
Rxe8 20. Qd7 Re6 21. Qd8+ Nf8 22. Bf4 Qxc3 23. Bxc7 Qc6 24. Bg3 Re8 25. Qg5
Ne6 26. Qe5 f6 27. Qh5 Nxd4 28. h3 Ne2+ 29. Kh2 Nxg3 30. fxg3 Re3 31. d4
Qd6 32. Qg4 Qc7 33. Rxf6 h5 34. Qg5 Qxg3+ 35. Qxg3 Rxg3 36. Rf5 Rxa3 37.
Rxh5 Ra5 38. Kg3 Rb5 39. Kf4 a5 40. Ke5 a4 41. Rf5 a3 42. Rf1 a2 43. Ra1
Rb2 44. Kxd5 b5 45. Ke6 b4 46. d5 Re2+ 0-1

[Event "15th ETC"]
[Site "Gothenburg SWE"]
[Date "2005.07.31"]
[Round "2"]
[White "Lindberg,Bo"]
[Black "Trevelyan,J"]
[Result "1-0"]
[WhiteElo "2359"]
[BlackElo "2196"]
[EventDate "2005.07.30"]

1. d4 d6 2. Nf3 Nf6 3. c4 Nbd7 4. Nc3 e5 5. e4 Be7 6. Be2 O-O 7. O-O c6 8.
Be3 h6 9. d5 c5 10. Ne1 Nh7 11. g3 a6 12. Rb1 Bg5 13. f4 exf4 14. gxf4 Bf6
15. Kh1 Kh8 16. Bd3 Qe7 17. Nf3 g5 18. e5 dxe5 19. Bxh7 exf4 20. Bc2 Bxc3
21. Qd3 f6 22. Bxf4 gxf4 23. Qxc3 Qe3 24. Qe1 Qxe1 25. Rbxe1 Ne5 26. Nh4 f3
27. Rxe5 fxe5 28. Ng6+ Kg7 29. Nxf8 Kxf8 30. Rxf3+ Ke7 31. Rg3 b5 32. Rg7+
Kf8 33. Rh7 bxc4 34. d6 Rb8 35. Be4 Rb6 36. Rh8+ Kg7 37. Rxc8 Rxd6 38. Rc7+
Kf8 39. Rxc5 Rd1+ 40. Kg2 Rd2+ 41. Kg3 Rxb2 42. a4 Rb4 43. a5 Ke7 44. Rxe5+
Kd6 45. Rd5+ Kc7 46. Kf4 Ra4 47. Rc5+ Kd6 48. Rc6+ Kd7 49. Rc5 Kd6 50. Rd5+
Ke6 51. Rh5 Ke7 52. Ke3 c3 53. Bc2 1-0

[Event "15th ETC"]
[Site "Gothenburg SWE"]
[Date "2005.07.31"]
[Round "2"]
[White "Muir,A"]
[Black "Erdogdu,M"]
[Result "1-0"]
[WhiteElo "2322"]
[BlackElo "2403"]
[EventDate "2005.07.30"]

1. d4 Nf6 2. c4 g6 3. Nc3 Bg7 4. e4 d6 5. f3 O-O 6. Be3 a6 7. Qd2 Nbd7 8.
Nh3 c5 9. Be2 cxd4 10. Bxd4 b6 11. O-O Bb7 12. Be3 Rc8 13. Rac1 Qc7 14. Nf4
Rfe8 15. Rfd1 Qb8 16. Bf1 Bc6 17. Nfd5 h5 18. Qf2 Nxd5 19. Nxd5 b5 20. cxb5
axb5 21. Nb4 Ba8 22. Qe2 Rc4 23. Rxc4 bxc4 24. Qxc4 Bxb2 25. Na6 Qc8 26.
Rb1 Bf6 27. Nc7 Ne5 28. Qc1 Rf8 29. a4 Bc6 30. Nb5 Qa8 31. Qd1 Qa5 32. Bd2
Qb6+ 33. Kh1 Ra8 34. a5 Rxa5 35. Nxd6 Qd8 36. Bxa5 Qxa5 37. Nc4 Qc7 38. Qd2
Kg7 39. Rc1 Nxc4 40. Rxc4 Qb6 41. Qc2 Qa6 42. Qd1 Qb6 43. Rc1 Be5 44. Qd3
Qf2 45. Qc2 Qxc2 46. Rxc2 Bd7 47. Bc4 h4 48. Ra2 Bd4 49. Ra8 e5 50. Rd8 Ba4
51. Ra8 Bd7 52. Rb8 Kf6 53. g3 hxg3 54. hxg3 Kg7 55. Rb7 Be8 56. Kg2 Kf8
57. Bb5 Bxb5 58. Rxb5 Ke7 59. f4 exf4 60. gxf4 Be3 61. Kf3 Bg1 62. Ra5 Bd4
63. Ra6 Bc5 64. Rc6 Bg1 65. Kg4 Be3 66. f5 gxf5+ 67. Kxf5 Bf2 68. Rc7+ Kf8
69. Rc2 Bh4 70. Rh2 Bd8 71. Rg2 Bh4 72. Ke5 Ke7 73. Ra2 Bg3+ 74. Kd5 Bf4
75. Ra7+ Kf6 76. Ra6+ Ke7 77. Kd4 Bg3 78. Ke3 Be5 79. Kf3 Bd6 80. Kg4 Bc5
81. Rc6 Be3 82. Kf5 Bf2 83. Rc8 Be1 84. Rh8 Bb4 85. e5 Bc5 86. Rb8 Bf2 87.
Rb2 Be1 88. Rh2 Bb4 89. Rh1 Bc5 90. Rc1 Bf2 91. Rc4 Be1 92. Re4 Bf2 93. Re2
Bg3 94. Kg4 1-0

[Event "15th ETC"]
[Site "Gothenburg SWE"]
[Date "2005.07.31"]
[Round "2"]
[White "Erturan,Y"]
[Black "Upton,T"]
[Result "0-1"]
[WhiteElo "2311"]
[BlackElo "2250"]
[EventDate "2005.07.30"]

1. e4 e5 2. Nf3 Nc6 3. Bb5 a6 4. Ba4 d6 5. Bxc6+ bxc6 6. d4 f6 7. Be3 Ne7
8. Nc3 Ng6 9. Qe2 Be7 10. O-O-O Be6 11. dxe5 fxe5 12. h4 h5 13. Ng5 Bxg5
14. hxg5 h4 15. Rdg1 Kd7 16. Qd2 Qb8 17. Na4 Ke7 18. b3 a5 19. Qc3 Qb4 20.
Qxc6 Bd7 21. Qxc7 Rhc8 22. Qb6 Qa3+ 23. Kd2 Bxa4 24. bxa4 Qc3+ 25. Ke2
Qxc2+ 26. Kf3 Rf8+ 27. Kg4 Qc8+ 28. Kh5 Rh8+ 29. Kxg6 Qe6+ 0-1

[Event "15th ETC"]
[Site "Gothenburg SWE"]
[Date "2005.08.01"]
[Round "3"]
[White "Sokolov,I"]
[Black "Sutovsky,E"]
[Result "1/2-1/2"]
[WhiteElo "2691"]
[BlackElo "2674"]
[EventDate "2005.07.30"]

1. d4 Nf6 2. c4 g6 3. Nc3 d5 4. cxd5 Nxd5 5. Bd2 Bg7 6. e4 Nb6 7. Be3 O-O
8. h3 e5 9. Nf3 exd4 10. Bxd4 Bxd4 11. Qxd4 Qe7 12. Qe3 f5 13. Be2 fxe4 14.
Nxe4 Bf5 15. Nc5 Qxe3 16. fxe3 N8d7 17. Nxb7 Rae8 18. O-O Rxe3 19. Rae1 Be4
20. Na5 Bd5 21. b3 Nc5 22. Bb5 Rxe1 23. Nxe1 Ne4 24. Rxf8+ Kxf8 25. Bc6 Ke7
26. Bxd5 Nxd5 27. Nd3 Ndc3 28. a4 Kd6 29. Nc4+ Kd5 30. Nb4+ Kd4 31. Nc6+
Kc5 32. N4e5 Kd5 33. a5 a6 34. g4 g5 35. Kg2 Nb5 36. b4 Nbd6 37. h4 gxh4
38. Kh3 h6 39. Kxh4 Nc8 40. Kh5 Nf6+ 41. Kh4 Nd6 42. Kg3 Nfe4+ 43. Kf4 Nc3
44. Nb8 c5 45. Nxa6 cxb4 46. Nxb4+ Kc5 47. Nec6 Nc4 48. a6 Nb5 49. Kg3 Kb6
50. Kh4 Ne3 51. Kg3 Nc7 52. a7 Kb7 53. Kf4 Nxg4 54. Kxg4 Nb5 55. Kh5 Nxa7
56. Kxh6 Nxc6 1/2-1/2

[Event "15th ETC"]
[Site "Gothenburg SWE"]
[Date "2005.08.01"]
[Round "3"]
[White "Gelfand,B"]
[Black "Van Wely,L"]
[Result "1/2-1/2"]
[WhiteElo "2724"]
[BlackElo "2655"]
[EventDate "2005.07.30"]

1. d4 Nf6 2. Nf3 d5 3. c4 e6 4. g3 dxc4 5. Bg2 a6 6. O-O Nc6 7. Nc3 Nd5 8.
e4 Nxc3 9. bxc3 Be7 10. Qe2 Na5 11. Ne5 b5 12. f4 O-O 13. f5 exf5 14. exf5
Rb8 15. Be3 Bb7 16. Bxb7 Rxb7 17. Rae1 c5 18. Rd1 Re8 19. Qh5 Bf8 20. f6 g6
21. Qf3 Qc8 22. h4 Rb6 23. h5 cxd4 24. cxd4 Rbe6 25. hxg6 hxg6 26. Rd2 Rxe5
27. dxe5 Rxe5 28. Rfd1 Nc6 29. Rd5 c3 30. Bf4 Rxd5 31. Qxd5 Nb4 32. Qe4
Nxa2 33. Ra1 Nb4 34. Kg2 c2 35. Bd2 a5 36. Rc1 Qd8 37. Bxb4 axb4 38. Rxc2
Qxf6 39. Qd5 Qe7 40. Kf3 Qf6+ 41. Kg2 Qe7 42. Ra2 Kg7 43. Rf2 Qe8 44. Ra2
Qe7 45. Rf2 Kg8 46. Ra2 Bg7 47. Rf2 Bc3 48. Qxb5 Qe4+ 49. Kh2 Kg7 50. Qd7
Qc4 51. Rf4 Qa2+ 52. Kh3 Be5 53. Rf3 Qc4 54. Qd3 Qxd3 55. Rxd3 Kf6 56. Kg4
Ke6 57. Kf3 Bc3 58. Ke4 f5+ 59. Kf4 Bf6 60. g4 g5+ 61. Kf3 f4 62. Ke4 Bc3
63. Rd5 Bf6 1/2-1/2

[Event "15th ETC"]
[Site "Gothenburg SWE"]
[Date "2005.08.01"]
[Round "3"]
[White "Gustafsson,J"]
[Black "Hellsten,J"]
[Result "1/2-1/2"]
[WhiteElo "2614"]
[BlackElo "2582"]
[EventDate "2005.07.30"]

1. d4 Nf6 2. c4 e6 3. g3 d5 4. Nf3 dxc4 5. Bg2 a6 6. O-O Nc6 7. Nc3 Bb4 8.
Qc2 O-O 9. Rd1 Be7 10. e4 b5 11. Qe2 Re8 12. Bf4 Nb4 13. Ne1 1/2-1/2

[Event "15th ETC"]
[Site "Gothenburg SWE"]
[Date "2005.08.01"]
[Round "3"]
[White "Dautov,R"]
[Black "Hector,J"]
[Result "1-0"]
[WhiteElo "2595"]
[BlackElo "2534"]
[EventDate "2005.07.30"]

1. d4 d5 2. c4 c6 3. Nf3 Nf6 4. e3 Bf5 5. Nc3 e6 6. Nh4 Be4 7. f3 Bg6 8.
Qb3 Qb6 9. Nxg6 hxg6 10. Bd2 Bd6 11. f4 Nbd7 12. c5 Qxb3 13. axb3 Be7 14.
b4 b5 15. Nxb5 cxb5 16. Bxb5 Ne4 17. Bc6 Rc8 18. b5 Nexc5 19. Rxa7 Kf8 20.
dxc5 Nxc5 21. Rxe7 Kxe7 22. Bb4 Kd6 23. O-O Rxc6 24. bxc6 Rc8 25. Ba3 Rxc6
26. b4 Nd3 27. b5+ Rc5 28. Rd1 Kd7 29. Rxd3 Rxb5 30. Bf8 f6 31. Ra3 Rb7 32.
Bxg7 Ke7 33. Ra8 Kf7 34. Bf8 e5 35. fxe5 fxe5 36. Bc5 Rb5 37. Ba3 Rb1+ 38.
Kf2 Ra1 39. Ra7+ Ke6 40. g4 g5 41. Bc5 Rc1 42. Ra6+ Kf7 43. Ra7+ Ke6 44.
Be7 1-0

[Event "15th ETC"]
[Site "Gothenburg SWE"]
[Date "2005.08.01"]
[Round "3"]
[White "Berg,E"]
[Black "Graf,A"]
[Result "0-1"]
[WhiteElo "2539"]
[BlackElo "2605"]
[EventDate "2005.07.30"]

1. e4 e5 2. Nf3 Nc6 3. Bb5 a6 4. Ba4 Nf6 5. O-O Be7 6. Re1 b5 7. Bb3 d6 8.
c3 O-O 9. h3 Nb8 10. d4 Nbd7 11. Nbd2 Bb7 12. Bc2 Re8 13. Nf1 Bf8 14. Ng3
g6 15. b3 d5 16. dxe5 Nxe5 17. Nxe5 Rxe5 18. f4 Re8 19. e5 Nd7 20. Qg4 Bg7
21. Ba3 c5 22. Rad1 Bc6 23. h4 Qa5 24. h5 Qxc3 25. hxg6 hxg6 26. Re2 Nf8
27. Bb2 Bd7 28. Qg5 Qxb2 29. Bxg6 Qc3 30. Bxf7+ Kxf7 31. Nh5 Ne6 32. Qf5+
Kg8 33. Nf6+ Bxf6 34. exf6 Kf7 35. Rxd5 Qc1+ 36. Kh2 Rh8+ 37. Kg3 Rag8+ 38.
Kf2 Rxg2+ 39. Kxg2 Qh1+ 40. Kf2 Rh2+ 41. Kg3 Qg1+ 42. Kf3 Nd4+ 0-1

[Event "15th ETC"]
[Site "Gothenburg SWE"]
[Date "2005.08.01"]
[Round "3"]
[White "Fressinet,L"]
[Black "Timofeev,Arty"]
[Result "1-0"]
[WhiteElo "2627"]
[BlackElo "2661"]
[EventDate "2005.07.30"]

1. e4 c5 2. Nf3 Nc6 3. Bb5 d6 4. O-O Bd7 5. Re1 Nf6 6. c3 a6 7. Ba4 e5 8.
h3 c4 9. d4 cxd3 10. Bg5 Be7 11. Qxd3 Nh5 12. Bxe7 Nxe7 13. Bb3 Bb5 14. Qd1
Nf4 15. c4 Bc6 16. c5 dxc5 17. Nxe5 Qxd1 18. Rxd1 Rf8 19. Nc3 Rc8 20. Nc4
Rd8 21. Nd6+ Rxd6 22. Rxd6 Nc8 23. Rd2 Nb6 24. a4 a5 25. Re1 Ke7 26. g3 c4
27. Bc2 Ne6 28. Nd5+ Bxd5 29. exd5 Rd8 30. Bxh7 Rxd5 31. Rxd5 Nxd5 32. Be4
Nb6 33. Bc2 Kd6 34. h4 Nc5 35. Ra1 Nd5 36. Rd1 Kc6 37. Rd4 Nb6 38. h5 Ne6
39. Rg4 Kc5 40. Rxg7 1-0

[Event "15th ETC"]
[Site "Gothenburg SWE"]
[Date "2005.08.01"]
[Round "3"]
[White "Bareev,E"]
[Black "Dorfman,J"]
[Result "1/2-1/2"]
[WhiteElo "2688"]
[BlackElo "2592"]
[EventDate "2005.07.30"]

1. d4 Nf6 2. c4 e6 3. Nc3 Bb4 4. Qc2 O-O 5. a3 Bxc3+ 6. Qxc3 b6 7. Nf3 Bb7
8. e3 d6 9. Be2 a5 10. b3 Nbd7 11. O-O Ne4 12. Qc2 f5 13. Bb2 Ng5 14. d5
Nxf3+ 15. Bxf3 e5 16. b4 Qg5 17. Bc3 f4 18. exf4 Qxf4 19. Bd2 Qh4 20. g3
Qh3 21. Bg2 Qh5 22. bxa5 bxa5 23. Qd1 Qxd1 24. Rfxd1 Nc5 25. Rab1 a4 26.
Rb4 Bc8 27. Be3 Nb3 28. Re1 Bf5 29. Rb7 Rfc8 30. c5 dxc5 31. Bg5 Rab8 32.
Ra7 h6 33. Be7 c4 34. Rxa4 c3 35. Rc4 c2 36. Bb4 c1=Q 37. Rexc1 Nxc1 38.
Rxc1 e4 39. Rc5 g6 40. Bf1 Rb6 41. h3 h5 42. Kg2 Kh7 43. Be2 Rf6 44. g4
hxg4 45. hxg4 Bd7 46. Rc1 g5 47. Be7 Rg6 48. Kg3 c6 49. d6 Rb8 50. Bc4 Kg7
51. Re1 Rh6 52. Bxg5 Rg6 53. Rxe4 Rxg5 54. Re7+ Kg6 55. Rxd7 Ra5 56. f3
Rxa3 57. Bf7+ Kf6 58. Rc7 Rd8 59. Bh5 Rxd6 60. Kh4 Ke5 61. g5 Rd4+ 62. Bg4
Kd6 63. Rd7+ Ke5 64. Rxd4 Kxd4 65. g6 Ra7 66. Kg5 c5 67. f4 c4 68. Be6 c3
69. Bb3 Rb7 70. Bc2 Rb2 71. Ba4 Ra2 72. g7 Rg2+ 73. Kf6 Rxg7 1/2-1/2

[Event "15th ETC"]
[Site "Gothenburg SWE"]
[Date "2005.08.01"]
[Round "3"]
[White "Vaganian,R"]
[Black "Pantsulaia,L"]
[Result "1-0"]
[WhiteElo "2614"]
[BlackElo "2510"]
[EventDate "2005.07.30"]

1. Nf3 c5 2. c4 Nf6 3. Nc3 e6 4. g3 b6 5. Bg2 Bb7 6. O-O d6 7. Re1 a6 8. e4
Nbd7 9. d4 cxd4 10. Nxd4 Qc7 11. Be3 Be7 12. Rc1 O-O 13. f4 Rfc8 14. b3 Qb8
15. Rc2 Nc5 16. Bf2 g6 17. Rd2 Bf8 18. e5 dxe5 19. fxe5 Bxg2 20. Kxg2 Qb7+
21. Qf3 Ng4 22. Bg1 Bg7 23. Qxb7 Nxb7 24. Na4 Rd8 25. Nxb6 Rab8 26. Rde2
Nxe5 27. Rxe5 Bxe5 28. Rxe5 Rd6 29. Nf3 f6 30. Re2 e5 31. c5 Rc6 32. b4 Rd8
33. g4 g5 34. Rd2 Kf7 35. a4 h5 36. h3 hxg4 37. hxg4 Ke6 38. Rxd8 Nxd8 39.
Nd2 Rc7 40. b5 axb5 41. axb5 Ra7 42. Ndc4 Rc7 43. Kf3 f5 44. gxf5+ Kxf5 45.
Nd5 g4+ 46. Kg3 Rh7 47. c6 Ne6 48. Nd6+ 1-0

[Event "15th ETC"]
[Site "Gothenburg SWE"]
[Date "2005.08.01"]
[Round "3"]
[White "Banikas,H"]
[Black "Gashimov,V"]
[Result "1/2-1/2"]
[WhiteElo "2548"]
[BlackElo "2594"]
[EventDate "2005.07.30"]

1. d4 Nf6 2. c4 e6 3. Nf3 c5 4. d5 exd5 5. cxd5 g6 6. Nc3 Bg7 7. e4 O-O 8.
Bd3 d6 9. h3 b5 10. Bxb5 Nxe4 11. Nxe4 Qa5+ 12. Nfd2 Qxb5 13. Nxd6 Qa6 14.
N2c4 Rd8 15. Bf4 Nd7 16. O-O Nb6 17. Nxb6 Qxb6 18. Nxc8 Raxc8 19. Rb1 Qb7
20. d6 Bf8 21. Qd3 Bxd6 22. Bxd6 Rc6 23. Rfd1 Qd7 24. Qa3 Rxd6 25. Rxd6
Qxd6 26. Qxa7 Qd3 27. Rc1 Qd2 28. Qxc5 Qxb2 29. Qc2 Qa3 30. Re1 Ra8 31. Re2
h5 32. h4 Qa4 33. g3 Qxc2 34. Rxc2 f6 35. Kf1 Kg7 36. Ke2 Ra3 37. Kd2 g5
38. hxg5 fxg5 39. Ke2 Kf6 40. Kf1 h4 41. gxh4 gxh4 42. Kg2 Kf5 43. Rb2 Ke5
1/2-1/2

[Event "15th ETC"]
[Site "Gothenburg SWE"]
[Date "2005.08.01"]
[Round "3"]
[White "Palo,D"]
[Black "Nevednichy,V"]
[Result "0-1"]
[WhiteElo "2519"]
[BlackElo "2583"]
[EventDate "2005.07.30"]

1. d4 Nf6 2. c4 g6 3. Nc3 Bg7 4. g3 O-O 5. Bg2 d6 6. Nf3 Nc6 7. O-O a6 8.
d5 Na5 9. Nd2 c5 10. Qc2 Rb8 11. b3 b5 12. Bb2 Bh6 13. f4 bxc4 14. bxc4 e5
15. dxe6 Bxe6 16. Nd5 Rxb2 17. Qxb2 Bg7 18. Qc1 Nxd5 19. cxd5 Bd7 20. e4 c4
21. Rb1 c3 22. Nf3 Qc7 23. Qe3 Nc4 24. Qf2 Bg4 25. Rbc1 Bxf3 26. Bxf3 Qa5
27. Kh1 Nb2 28. Qe2 Re8 29. Rfe1 Bd4 30. e5 dxe5 31. d6 Qb6 32. d7 Rd8 33.
fxe5 Rxd7 34. e6 Qxe6 35. Qxe6 fxe6 36. Be2 Rd6 37. Rc2 Kg7 38. Kg2 h5 39.
Rf1 e5 40. Rf3 Na4 41. Bc4 Nb2 42. Rf7+ Kh8 43. Be2 e4 44. Re7 Nd3 45. Kh3
g5 46. Bd1 Ne1 47. Rc1 g4+ 48. Bxg4 hxg4+ 49. Kxg4 Nd3 50. Rc2 Nf2+ 0-1

[Event "15th ETC"]
[Site "Gothenburg SWE"]
[Date "2005.08.01"]
[Round "3"]
[White "Nielsen,PH"]
[Black "Nisipeanu,LD"]
[Result "1/2-1/2"]
[WhiteElo "2668"]
[BlackElo "2679"]
[EventDate "2005.07.30"]

1. d4 g6 2. c4 Bg7 3. Nf3 d6 4. Nc3 e5 5. dxe5 dxe5 6. Qxd8+ Kxd8 7. Bd2
Be6 8. O-O-O Nd7 9. Ng5 Bxc4 10. e4 Bxf1 11. Rhxf1 Nh6 12. f4 c6 13. f5 Ke7
14. h3 b6 15. g4 Rac8 16. Kb1 Nf8 17. b4 f6 18. b5 Nf7 19. bxc6 Nxg5 20.
Bxg5 Rxc6 21. Nd5+ Ke8 22. fxg6 Nd7 23. Rc1 Rxc1+ 24. Rxc1 hxg6 25. Rc8+
Kf7 26. Rc7 Ke6 27. Rc6+ Kf7 28. Rc7 Ke6 29. Rc6+ Kf7 30. Rc7 1/2-1/2

[Event "15th ETC"]
[Site "Gothenburg SWE"]
[Date "2005.08.01"]
[Round "3"]
[White "Spasov,V"]
[Black "Wojtaszek,R"]
[Result "1/2-1/2"]
[WhiteElo "2551"]
[BlackElo "2591"]
[EventDate "2005.07.30"]

1. e4 c5 2. Nf3 d6 3. d4 cxd4 4. Nxd4 Nf6 5. Nc3 a6 6. Be3 e5 7. Nf3 Qc7 8.
a4 Be7 9. a5 Nbd7 10. Nd2 b5 11. axb6 Nxb6 12. Bxb6 Qxb6 13. Nc4 Qb8 14.
Bd3 O-O 15. O-O Be6 16. b3 Rc8 17. Qf3 Rc5 18. Na4 Rc6 19. Nc3 Rc5 20. Na4
Rc6 21. Nc3 Rc5 1/2-1/2

[Event "15th ETC"]
[Site "Gothenburg SWE"]
[Date "2005.08.01"]
[Round "3"]
[White "Georgiev,Ki"]
[Black "Kempinski,R"]
[Result "1-0"]
[WhiteElo "2666"]
[BlackElo "2619"]
[EventDate "2005.07.30"]

1. d4 Nf6 2. c4 g6 3. Nc3 Bg7 4. e4 O-O 5. Nf3 c6 6. Bd3 d6 7. h3 e5 8. Be3
exd4 9. Bxd4 d5 10. cxd5 cxd5 11. O-O dxe4 12. Nxe4 Nxe4 13. Bxe4 Nd7 14.
Bc2 Nb6 15. Bb3 Bxd4 16. Nxd4 Qf6 17. Re1 Bd7 18. Re3 Rad8 19. Rd3 a5 20.
a4 Bc6 21. Nxc6 bxc6 22. Rc1 Nd5 23. Qf3 Qxf3 24. Rxf3 Nb4 25. Rc5 Ra8 26.
g4 Kg7 27. Re5 Ra7 28. Bc4 Rd8 29. b3 h6 30. Kg2 Nd5 31. h4 Nb6 32. Be2 Rd4
33. Rc3 Nd5 34. Rxc6 Nf4+ 35. Kg3 Nxe2+ 36. Rxe2 Rd3+ 37. Re3 Rxe3+ 38.
fxe3 Rb7 39. Rc3 Rb4 40. Kf3 Kf6 41. Rc6+ Ke7 42. Rc5 Rxb3 43. Rxa5 Rb4 44.
Ra7+ Kf6 45. Ra6+ Ke5 46. Ra5+ Ke6 47. e4 f6 48. Ra6+ Ke5 49. Ra5+ Ke6 50.
h5 Rb3+ 51. Kf2 gxh5 52. gxh5 Ra3 53. Ke2 Ke7 54. Kd2 Ke6 55. Kc2 Re3 56.
Ra8 Kd7 57. Rh8 Rxe4 58. Kb3 Re3+ 59. Kb4 Re4+ 60. Kb3 Re3+ 61. Kb4 Re4+
62. Kb5 Re5+ 63. Kb6 Rxh5 64. a5 Rh1 65. a6 Rb1+ 66. Kc5 Rc1+ 67. Kd5 1-0